| 000 | 00876nas a2200253 4500 | ||
|---|---|---|---|
| 001 | BR0301932 | ||
| 003 | BR-BrBNA | ||
| 005 | 20231205103713.0 | ||
| 007 | ta | ||
| 008 | 230509b bl.|||p| |||| 00| 00por d | ||
| 040 |
_aBR-BrBNA _bpor _cBiblioteca Nacional de Agricultura |
||
| 041 | _a(Pt) | ||
| 072 | _aL50; L74 | ||
| 100 | 1 | _aTeixeira, P.P. | |
| 100 | 1 | _aPádua, J.T. | |
| 245 | 1 | _aAvaliação dos níveis de cortisol, tiroxina, triiodotironina e glicose como indicativos de estresse em cavalos puro sangue inglês de corrida, antes e após a competição | |
| 650 | _aPURO SANGUE INGLÊS | ||
| 650 | _aBIOQUÍMICA ANIMAL | ||
| 650 | _aSTRESS | ||
| 650 | _aCONDIÇÃO AMBIENTAL | ||
| 773 | 0 |
_tCiência Animal Brasileira (Brazil) _xISSN 1518-2797 _g(Jan-Jun 2002), v. 3(1) p. 39-48 _wBR0301932 |
|
| 909 |
_a202311 _bLúcia _c55 _dLúcia Elande |
||
| 942 |
_2AGRIS _n0 _cANA |
||
| 999 |
_c174299 _d174299 |
||